[Event "Reykjavik Open 2013"]
[Site "Reykjavik ISL"]
[Date "2013.02.27"]
[Round "10.103"]
[White "Leifsson, Thorsteinn"]
[Black "Palsdottir, Soley Lind"]
[Result "1/2-1/2"]
[WhiteElo "1759"]
[BlackElo "1393"]
[WhiteFideId "2302764"]
[BlackFideId "2306824"]
[EventDate "2013.02.19"]

1. d4 Nf6 2. c4 g6 3. Nc3 Bg7 4. Nf3 O-O 5. Bg5 d6 6. e3 c5 7. Bd3 Na6 8. a3 Nc7
9. O-O Rb8 10. Rc1 Bg4 11. h3 Bxf3 12. Qxf3 Ne6 13. Bxf6 Bxf6 14. d5 Nc7 15. b4
b6 16. Qe2 a6 17. f4 Qd7 18. f5 Rfc8 19. Rf3 cxb4 20. Ne4 Be5 21. Ng5 bxa3 22.
Nxh7 Kxh7 23. fxg6+ fxg6 24. Rf7+ Kh6 25. Qf2 Bf6 26. Rf1 Qe8 27. Bxg6 Kxg6 28.
Rxf6+ exf6 29. Qxf6+ Kh7 30. Qh4+ Kg7 31. Qf6+ 1/2-1/2

[Event "Reykjavik Open 2013"]
[Site "Reykjavik ISL"]
[Date "2013.02.19"]
[Round "1.85"]
[White "Thompson, Ian D"]
[Black "Kolka, Dawid"]
[Result "1-0"]
[WhiteTitle "FM"]
[WhiteElo "2260"]
[BlackElo "1646"]
[WhiteFideId "405205"]
[BlackFideId "2308010"]
[EventDate "2013.02.19"]
[EventType "swiss"]

1. c4 e5 2. g3 Nf6 3. Bg2 c6 4. d4 exd4 5. Qxd4 Bb4+ 6. Nc3 d6 7. Nf3 O-O 8. O-O
Be6 9. Ng5 Nbd7 10. Bf4 Qe7 11. Nce4 d5 12. Nxf6+ Nxf6 13. cxd5 Bxd5 14. e4 Bc5
15. Qd3 Be6 16. e5 Qd7 17. Qc2 Bxf2+ 18. Rxf2 Bf5 19. Qb3 Ng4 20. Rd2 Qe7 21.
Qc3 Rad8 22. Rad1 Qc7 23. Ne4 Bxe4 24. Bxe4 Qb6+ 25. Kg2 Rxd2+ 26. Rxd2 f5 27.
Bf3 Kh8 28. h3 1-0

[Event "Reykjavik Open 2013"]
[Site "Reykjavik ISL"]
[Date "2013.02.20"]
[Round "2.33"]
[White "Omarsson, Dadi"]
[Black "Hambleton, Aman"]
[Result "1/2-1/2"]
[BlackTitle "FM"]
[WhiteElo "2212"]
[BlackElo "2472"]
[WhiteFideId "2302772"]
[BlackFideId "2606577"]
[EventDate "2013.02.19"]

1. e4 e6 2. d4 d5 3. Nd2 h6 4. c3 c5 5. exd5 exd5 6. Ngf3 Nf6 7. Bb5+ Nbd7 8.
O-O c4 9. b3 Be7 10. bxc4 dxc4 11. Re1 O-O 12. Bxc4 Nb6 13. Bd3 Be6 14. c4 Bb4
15. Qb3 Ba5 16. Ba3 Bxd2 17. Nxd2 Qxd4 18. Nf3 Qf4 19. Bxf8 Rxf8 20. Ne5 Qd4 21.
Rad1 Qc5 22. a4 Qa5 23. Qb5 Qxa4 24. Ra1 Qxb5 25. cxb5 Nc8 26. Rec1 Rd8 27. Bc4
Bxc4 28. Nxc4 Kf8 29. Ne3 Ne8 30. Nf5 Ncd6 31. Rd1 g6 32. Nxd6 Rxd6 33. Rdc1 a6
34. bxa6 bxa6 35. Rc8 Re6 36. Ra8 Kg7 37. R8xa6 Re2 38. Kf1 Rb2 39. g3 Nf6 40.
R1a2 Rb5 41. Kg2 Ne4 42. R6a5 1/2-1/2

[Event "Reykjavik Open 2013"]
[Site "Reykjavik ISL"]
[Date "2013.02.24"]
[Round "7.6"]
[White "Hambleton, Aman"]
[Black "Norowitz, Yaacov"]
[Result "1/2-1/2"]
[WhiteTitle "FM"]
[WhiteElo "2472"]
[BlackElo "2432"]
[WhiteFideId "2606577"]
[BlackFideId "2024799"]
[EventDate "2013.02.19"]
[EventType "swiss"]

1. d4 d5 2. c4 e6 3. Nc3 Be7 4. cxd5 exd5 5. Bf4 c6 6. e3 Bf5 7. Nge2 Bg6 8. Ng3
Nf6 9. h4 Qb6 10. Qd2 h5 11. Be2 Nbd7 12. Rc1 Nf8 13. a3 Qd8 14. Qd1 Bd6 15. Be5
Bxe5 16. dxe5 N6d7 17. f4 Qb6 18. Qd2 Nc5 19. Rd1 Qc7 20. b4 Nce6 21. Kf2 Nd7
22. f5 Nxe5 23. fxg6 fxg6 24. Bf3 Rf8 25. Nge2 O-O-O 26. Nd4 Rde8 27. Rde1 g5
28. Nxe6 Rxe6 29. hxg5 Ng4+ 30. Kf1 Qg3 31. Re2 Rxf3+ 32. gxf3 Qxf3+ 33. Kg1
Nxe3 34. Qe1 d4 35. Qf2 Qg4+ 36. Kh2 Qxg5 37. Rg1 Qe5+ 38. Kh3 Rf6 39. Qg3 Qf5+
40. Kh2 Rg6 41. Qxg6 Nf1+ 42. Rxf1 Qxg6 43. Ne4 Qe6 44. Rf3 h4 45. Kg1 g5 46.
Rf7 Kd8 47. Rxb7 Qg4+ 48. Kf1 h3 49. Nc5 Qf5+ 50. Kg1 Qg4+ 51. Kf1 Qf5+ 52. Kg1
Qg4+ 53. Kf1 1/2-1/2

[Event "Reykjavik Open 2013"]
[Site "Reykjavik ISL"]
[Date "2013.02.26"]
[Round "9.7"]
[White "Vachier-Lagrave, Maxime"]
[Black "Ris, Robert"]
[Result "1-0"]
[WhiteTitle "GM"]
[BlackTitle "IM"]
[WhiteElo "2715"]
[BlackElo "2407"]
[WhiteFideId "623539"]
[BlackFideId "1011480"]
[EventDate "2013.02.19"]
[EventType "swiss"]

1. c4 Nf6 2. Nc3 e6 3. e4 d5 4. e5 d4 5. exf6 dxc3 6. bxc3 Qxf6 7. d4 e5 8. Nf3
exd4 9. Bg5 Qe6+ 10. Be2 Be7 11. Nxd4 Qd6 12. Bxe7 Qxe7 13. O-O O-O 14. Re1 Qf6
15. Bf3 c6 16. Qe2 Nd7 17. Rab1 Nc5 18. Qe3 Bf5 19. Nxf5 Qxf5 20. h3 b6 21. Bxc6
Rac8 22. Bd5 Rc7 23. Rbd1 Ne6 24. h4 g6 25. g3 Kg7 26. Rd3 Re8 27. Qd2 Rce7 28.
Rf3 Qh3 29. Ree3 h5 30. Qe1 Kf8 31. Qb1 Kg7 32. Qe4 f6 33. Re1 Qg4 34. Qxg4 hxg4
35. Rfe3 Kf7 36. f3 f5 37. fxg4 fxg4 38. Kf2 Kf6 39. Rxe6+ Rxe6 40. Rxe6+ Rxe6
41. Bxe6 Kxe6 42. Ke3 Ke5 1-0

[Event "Reykjavik Open 2013"]
[Site "Reykjavik ISL"]
[Date "2013.02.27"]
[Round "10.4"]
[White "Lou, Yiping"]
[Black "Oleksienko, Mikhailo"]
[Result "1/2-1/2"]
[WhiteTitle "IM"]
[BlackTitle "GM"]
[WhiteElo "2468"]
[BlackElo "2568"]
[WhiteFideId "8603928"]
[BlackFideId "4152417"]
[EventDate "2013.02.19"]
[EventType "swiss"]

1. d4 d5 2. c4 c6 3. Nc3 Nf6 4. cxd5 cxd5 5. Bf4 Nc6 6. e3 a6 7. Bd3 Bg4 8. Nge2
e6 9. O-O Be7 10. a3 O-O 11. Rc1 Bh5 12. Na4 Nd7 13. b4 Bg6 14. Bg3 Nb6 15. Nc5
Qc8 16. e4 dxe4 17. Nxe4 Rd8 18. Qb3 Nd5 19. Rfd1 Bxe4 20. Bxe4 Qd7 21. Qb1 g6
22. h4 Rac8 23. h5 Bg5 24. Rc5 b6 25. Rc2 Nce7 26. hxg6 hxg6 27. Qb3 Rxc2 28.
Bxc2 Rc8 29. Be5 b5 30. Be4 Bf6 31. Qf3 Bg7 32. Bxg7 Kxg7 33. g3 Qa7 34. Bxd5
Nxd5 35. Nf4 Rd8 36. Qe4 Nxf4 37. Qxf4 Rd5 38. Rc1 Qxd4 39. Qxd4+ Rxd4 40. Rc6
a5 41. bxa5 Ra4 42. a6 Rxa3 43. Rb6 Kf6 44. Kg2 b4 45. Rxb4 Rxa6 46. f4 Ra5 47.
Rb7 g5 48. Kf3 Kg6 49. Rb3 Kf5 50. Rc3 g4+ 51. Ke3 f6 52. Rb3 Ra2 53. Rb5+ e5
54. fxe5 fxe5 55. Rb8 Ra3+ 56. Kf2 Ke4 57. Rb4+ Kd3 58. Rxg4 e4 59. Rg8 Ra2+ 60.
Kf1 Ra1+ 61. Kg2 e3 62. Rd8+ Ke2 63. g4 Rd1 64. Re8 Kd2 65. Rd8+ Ke1 66. Re8 e2
67. Kf3 Rd3+ 68. Kf4 Kf2 69. Rxe2+ Kxe2 70. g5 Rd6 71. Kf5 Ke3 72. g6 Rxg6 1/2-1/2

[Event "Reykjavik Open 2013"]
[Site "Reykjavik ISL"]
[Date "2013.02.27"]
[Round "10.12"]
[White "Solak, Dragan"]
[Black "Wang, Jue"]
[Result "1-0"]
[WhiteTitle "GM"]
[BlackTitle "WGM"]
[WhiteElo "2603"]
[BlackElo "2375"]
[WhiteFideId "916811"]
[BlackFideId "8604070"]
[EventDate "2013.02.19"]
[EventType "swiss"]

1. c4 g6 2. g3 Bg7 3. Bg2 d6 4. Nc3 Nf6 5. e4 c5 6. d3 Nc6 7. Nge2 O-O 8. O-O
Ne8 9. Be3 Nd4 10. Rb1 Nc7 11. b4 b6 12. Qd2 Bg4 13. f3 Bd7 14. Kh1 Nce6 15. f4
Nxe2 16. Nxe2 Nd4 17. f5 gxf5 18. Nxd4 cxd4 19. Bh6 Be5 20. exf5 f6 21. Bxf8
Qxf8 22. Bxa8 Qxa8+ 23. Kg1 Qc8 24. Qf2 Bc6 25. Qe2 Bb7 26. Rbe1 Qe8 27. Qg4+
Kf8 28. b5 Qf7 29. a4 d5 30. Rxe5 fxe5 31. Qg5 Qf6 32. Qxf6+ exf6 33. cxd5 Bxd5
34. Rc1 Bb3 35. Rc8+ Ke7 36. Rc7+ Kd6 37. Rxa7 e4 38. Kf2 e3+ 39. Ke2 Kc5 40. g4
h6 41. h4 Kd5 42. Rd7+ Ke5 43. a5 1-0